00689nam a2200181 a 450000100100000000500170001000800410002704000250006804100130009308200220010610000250012824500930015326000670024630000360031350000280034960000520037765100780042900002723920240409073641.0110330t1938 dr ac 001 0bfre d aDO-SdBNPbspacBNPHU17afreheng a923.17293bT866Be1 aBesault, Lawrence de13aLe president Trujillo :bson oeuvre et la Republique Dominicaine /cLawrence de Besault. aCiudad Trujillo, República Dominicana :bLa Nación,c1938. a385 p. :bil., retrs. ;c24 cm. aTraducido del francés10aTrujillo Molina, Rafael Leónidas,d 1891-1961 4aRepública DominicanaxPolítica Y GobiernoyERA DE TRUJILLO, 1930-1961